Sporcle at the Movies Quiz Stats

 Plays Quiz Updated Sep 20, 2018

Support Sporcle.
Go Orange.
Score 0/14 Timer 05:00
0 Plays Today
% Correct
Toy Story
98.8%
Monsters University
95.5%
Finding Dory
94.1%
E.T. the Extra-Terrestrial
89.9%
Avatar
77.9%
The Hobbit
72.8%
Kill Bill: Volume 1
62.9%
% Correct
Mars Attacks!
39.6%
Jaws
38.9%
It
30.5%
The Terminator
29.7%
Guardians of the Galaxy
21%
RoboCop
18.1%
Psycho
17.9%

From the Vault

Click My Hometown

by slipkid

History 5m
Of course, some of these folks are only famous because they left their hometown and never went back.
Remove Ads.
Support Sporcle.
Get the best of Sporcle when you Go Orange. This ad-free experience offers more features, more stats, and more fun while also helping to support Sporcle. Thank you for becoming a member.

Show Comments

Extras

Top Quizzes Today


Score Distribution

Your Account Isn't Verified!

In order to create a playlist on Sporcle, you need to verify the email address you used during registration. Go to your Sporcle Settings to finish the process.

Report this User

Report this user for behavior that violates our Community Guidelines.

Details: